[Event "San Francisco TNM Summer op"]
[Site "San Francisco"]
[Date "2006.07.25"]
[Round "7"]
[White "Parker, Frank"]
[Black "Dunham, Tom"]
[Result "1-0"]
[WhiteElo "1812"]
[BlackElo "1495"]
[PlyCount "87"]
[EventDate "2006.06.06"]
[EventType "swiss"]
[EventRounds "8"]
[EventCountry "USA"]
[SourceTitle "EXT 2007"]
[Source "ChessBase"]
[SourceDate "2006.11.23"]
[SourceVersion "1"]
[SourceVersionDate "2006.11.23"]
[SourceQuality "1"]

1. d4 d5 2. c4 c6 3. Nc3 Nf6 4. Bg5 e6 5. e3 Nbd7 6. Nf3 h6 7. Bxf6 Nxf6 8. a3 dxc4 9. Bxc4 b5 10. Bd3 Bb7 11. 0-0 a6 12. Rc1 Qb6 13. Ne4 Be7 14. Nc5 Rd8 15. Ne5 0-0 16. Nxb7 Qxb7 17. Nxc6 Rd5 18. Be2 Bd6 19. Bf3 Rg5 20. Qc2 Kh8 21. Kh1 Nd5 22. Bxd5 exd5 23. f4 Rg6 24. Qf5 Bxa3 25. Ne5 Rf6 26. Qc2 Bd6 27. Qd2 Bxe5 28. dxe5 Rg6 29. Rc5 Rd8 30. Qd4 Qd7 31. Rfc1 Qg4 32. R1c2 Qh4 33. Re2 Qg4 34. Rf2 Qf5 35. h3 Qb1+ 36. Kh2 Qa2 37. e4 Qb3 38. Rf3 Qa2 39. exd5 Rb6 40. d6 Rbb8 41. f5 a5 42. Rg3 b4 43. e6 f6 44. d7 1-0

[Event "San Francisco TNM Summer op"]
[Site "San Francisco"]
[Date "2006.07.11"]
[Round "5"]
[White "Dunham, Tom"]
[Black "Frank, Robert"]
[Result "1-0"]
[WhiteElo "1495"]
[BlackElo "1235"]
[PlyCount "41"]
[EventDate "2006.06.06"]
[EventType "swiss"]
[EventRounds "8"]
[EventCountry "USA"]
[SourceTitle "EXT 2007"]
[Source "ChessBase"]
[SourceDate "2006.11.23"]
[SourceVersion "1"]
[SourceVersionDate "2006.11.23"]
[SourceQuality "1"]

1. e4 e5 2. Nf3 Nc6 3. d4 exd4 4. Nxd4 Nxd4 5. Qxd4 c5 6. Qe3 b6 7. Nc3 Bb7 8. Bc4 Ne7 9. 0-0 d6 10. Qf3 f5 11. Bb5+ Bc6 12. exf5 Qc8 13. Bg5 a6 14. Bxc6+ Nxc6 15. Rfe1+ Be7 16. Qh5+ Kd7 17. Nd5 Qd8 18. Qf7 Rf8 19. Qe6+ Ke8 20. Bxe7 Nxe7 21. Nxe7 1-0

[Event "San Francisco TNM Winter op"]
[Site "San Francisco"]
[Date "2006.02.07"]
[Round "5"]
[White "Traub, Igor Vladimirovich"]
[Black "Dunham, Tom"]
[Result "1-0"]
[WhiteElo "2074"]
[BlackElo "1304"]
[PlyCount "55"]
[EventDate "2006.01.10"]
[EventType "swiss"]
[EventRounds "7"]
[EventCountry "USA"]
[SourceTitle "EXT 2007"]
[Source "ChessBase"]
[SourceDate "2006.11.23"]
[SourceVersion "1"]
[SourceVersionDate "2006.11.23"]
[SourceQuality "1"]

1. e4 c5 2. d3 Nc6 3. f4 g6 4. Nf3 Bg7 5. Be2 e6 6. 0-0 Nge7 7. Nc3 d6 8. Be3 Bd7 9. Nb5 Bc8 10. e5 Nf5 11. Bf2 b6 12. g4 a6 13. gxf5 axb5 14. f6 Bh6 15. Bg3 Bb7 16. d4 dxe5 17. dxe5 Qc7 18. Bxb5 0-0 19. c3 Rfd8 20. Qe2 Rd5 21. Bc4 Rd7 22. Rfd1 Rad8 23. Rxd7 Rxd7 24. h4 Na5 25. Bb5 Rd5 26. Nd2 c4 27. a4 Nb3 28. Nxb3 1-0

[Event "San Francisco TNM Winter op"]
[Site "San Francisco"]
[Date "2006.01.24"]
[Round "3"]
[White "Riese, Kayven"]
[Black "Dunham, Tom"]
[Result "0-1"]
[WhiteElo "1858"]
[BlackElo "1304"]
[PlyCount "52"]
[EventDate "2006.01.10"]
[EventType "swiss"]
[EventRounds "7"]
[EventCountry "USA"]
[SourceTitle "EXT 2007"]
[Source "ChessBase"]
[SourceDate "2006.11.23"]
[SourceVersion "1"]
[SourceVersionDate "2006.11.23"]
[SourceQuality "1"]

1. e4 c5 2. Nf3 d6 3. d4 cxd4 4. Nxd4 Nf6 5. Nc3 a6 6. Bg5 e6 7. f4 Qb6 8. Nb3 Be7 9. Qf3 Nbd7 10. 0-0-0 Qc7 11. Bd3 b5 12. g4 b4 13. Ne2 Bb7 14. Bxf6 Nxf6 15. g5 Nd7 16. Rhg1 a5 17. Kb1 a4 18. Nbc1 Rc8 19. Qh5 g6 20. Qf3 0-0 21. h4 Nc5 22. Rd2 d5 23. Ng3 Rfd8 24. e5 a3 25. Rh2 axb2 26. Kxb2 Na4+ 0-1

[Event "San Francisco MI Fall op"]
[Site "San Francisco"]
[Date "2005.11.15"]
[Round "3"]
[White "Dunham, Tom"]
[Black "Allen, Tom"]
[Result "1-0"]
[WhiteElo "1336"]
[BlackElo "1506"]
[PlyCount "39"]
[EventDate "2005.11.08"]
[EventType "swiss"]
[EventRounds "8"]
[EventCountry "USA"]
[SourceTitle "EXT 2007"]
[Source "ChessBase"]
[SourceDate "2006.11.23"]
[SourceVersion "1"]
[SourceVersionDate "2006.11.23"]
[SourceQuality "1"]

1. e4 e5 2. Nf3 Nc6 3. d4 exd4 4. Nxd4 Qh4 5. Nb5 Qxe4+ 6. Be2 Kd8 7. 0-0 d6 8. N1c3 Qe8 9. Nd5 Qd7 10. Nbxc7 Rb8 11. Re1 Nge7 12. Bf4 Nxd5 13. Nxd5 b6 14. Bh5 Be7 15. Nxe7 Nxe7 16. Bxd6 Nc6 17. Bxb8 Nxb8 18. Bxf7 Kc7 19. Qf3 Qc6 20. Qg3+ 1-0

[Event "San Francisco Bernardo Smith Memorial"]
[Site "San Francisco"]
[Date "2005.08.20"]
[Round "3"]
[White "Dunham, Tom"]
[Black "Litowsky, Daniel"]
[Result "0-1"]
[WhiteElo "1206"]
[BlackElo "1700"]
[PlyCount "86"]
[EventDate "2005.08.20"]
[EventType "swiss"]
[EventRounds "6"]
[EventCountry "USA"]
[SourceTitle "EXT 2007"]
[Source "ChessBase"]
[SourceDate "2006.11.23"]
[SourceVersion "1"]
[SourceVersionDate "2006.11.23"]
[SourceQuality "1"]

1. e4 e5 2. Nf3 Nc6 3. d4 exd4 4. Nxd4 Nf6 5. Nxc6 bxc6 6. e5 Nd5 7. c4 Bb4+ 8. Bd2 Bxd2+ 9. Qxd2 Ne7 10. Nc3 Ng6 11. f4 0-0 12. 0-0-0 Re8 13. g3 Rb8 14. c5 Qe7 15. Qd4 a5 16. a3 Nf8 17. Ne4 Ne6 18. Qc3 Ra8 19. Bg2 a4 20. h4 Rb8 21. Rhf1 Rb3 22. Qc4 Rb5 23. Qxa4 Nxc5 24. Nxc5 Qxc5+ 25. Qc2 Qe3+ 26. Qd2 Rc5+ 27. Kb1 Qxg3 28. Rf3 Qg6+ 29. Rd3 Ba6 30. Bf1 Rd5 31. Ka1 Bxd3 32. Bxd3 Qg3 33. Qc2 Qxh4 34. Qb3 Qxf4 35. Bxh7+ Kxh7 36. Qh3+ Qh6 37. Qf5+ Qg6 38. Rh1+ Kg8 39. Qh3 Kf8 40. Qh8+ Ke7 41. Qh4+ Ke6 42. Qh3+ Qf5 43. Qb3 Qxe5 0-1

[Event "San Francisco TNM Spring op"]
[Site "San Francisco"]
[Date "2005.04.12"]
[Round "3"]
[White "Livschitz, Louiza"]
[Black "Dunham, Tom"]
[Result "1-0"]
[WhiteElo "1807"]
[BlackElo "1064"]
[PlyCount "75"]
[EventDate "2005.03.29"]
[EventType "swiss"]
[EventRounds "9"]
[EventCountry "USA"]
[SourceTitle "EXT 2024"]
[Source "ChessBase"]
[SourceDate "2023.10.10"]
[SourceVersion "1"]
[SourceVersionDate "2023.10.10"]
[SourceQuality "1"]

1. d4 d5 2. c4 c6 3. Nf3 Nf6 4. Nc3 e6 5. e3 Nbd7 6. Bd3 dxc4 7. Bxc4 b5 8. Bd3 Bb7 9. 0-0 a6 10. a3 c5 11. Qe2 c4 12. Bc2 Be7 13. Bd2 0-0 14. b3 cxb3 15. Bxb3 Qb6 16. Rfc1 Rfd8 17. a4 b4 18. a5 Qd6 19. Na2 Nd5 20. Bxd5 Qxd5 21. Nxb4 Bxb4 22. Bxb4 Qf5 23. Rc7 Bxf3 24. Qxf3 Qxf3 25. gxf3 Nf6 26. Rac1 Nd5 27. Rb7 Nxb4 28. Rxb4 Kf8 29. Rc7 Rd5 30. Rbb7 Rg5+ 31. Kf1 f6 32. Rf7+ Kg8 33. f4 Rg6 34. Rfe7 f5 35. Ra7 Rxa7 36. Rxa7 e5 37. fxe5 Kf8 38. d5 1-0